| 000 | 01413cam a2200397Ia 4500 | ||
|---|---|---|---|
| 001 | 52117 | ||
| 003 | BJBSDDR | ||
| 005 | 20250808160143.0 | ||
| 008 | 030711s2003 mx af b 001 0bspa d | ||
| 020 |
_a1400059259 : _c$20.95 |
||
| 020 | _a9781400059256 | ||
| 020 | _a9700516105 (pbk.) | ||
| 020 | _a9789700516103 (pbk.) | ||
| 035 | _a(OCoLC)ocm52598367 | ||
| 035 | _a(OCoLC)52598367 | ||
| 040 |
_aEL$ _bspa _cEL$ _dSAP _dCUS _dTEF _dOCLCQ _dBAKER _dBTCTA _dYDXCP _dDRFGD |
||
| 043 | _an-mx--- | ||
| 049 | _aGRAL | ||
| 050 | 1 | 4 | _aDuplicado |
| 082 | 0 | 4 |
_a972.0841/092 _aB _222 |
| 100 | 1 | _aWornat, Olga. | |
| 245 | 1 | 3 |
_aLa jefa : _bvida pública y privada de Marta Sahagún de Fox / _cOlga Wornat ; documentación y archivo, Alma Delia Fuentes. |
| 260 |
_aMéxico : _bGrijalbo, _cc2003. |
||
| 300 |
_a253 p., 24 p. of plates : _bill. ; _c23 cm. |
||
| 500 | _a"Tiempo mexicano"--Back cover = En el reverso de la cubierta. | ||
| 504 | _aIncludes bibliographical references (p. 241-243) and index. | ||
| 600 | 1 | 0 |
_aSahagún, Marta, _d1953- |
| 600 | 1 | 7 |
_aSahagún, Marta, _d1953- _2bidex |
| 650 | 0 |
_aPresidents' spouses _zMexico _vBiography. |
|
| 650 | 0 |
_aWomen in politics _zMexico _vBiography. |
|
| 650 | 7 |
_aEsposos de presidentes _zMéxico _vBiografía. _2bidex |
|
| 650 | 7 |
_aMujeres en la política _zMéxico _vBiografía. _2bidex |
|
| 700 | 1 | _aFuentes, Alma Delia. | |
| 942 |
_2lcc _cBK |
||
| 946 | _almminaya | ||
| 999 |
_c99949 _d99949 |
||